000 01238nam a22002657a 4500
005 20170124103100.0
010 _aB-069749
020 _c95.00
_a8126702117
035 _aB-069749
037 _bCen Lib/Ret
040 _aDPL
_bHN
082 _a
_bठाकुर
100 _aठाकुर जगन्मोहन सिंह
_951841
245 _aश्यामास्वप्न /
_cठाकुर जगन्मोहन सिंह; संपादक राजेन्द्र मिश्र
246 _aShyamaswapn /
_bby Thakur Jaganmohan Singh;sampadak Rajendra Mishr
260 _aनई दिल्ली
_bराजकमल प्रकाशन
_c2001
270 _a1-बी, नेताजी सुभाष मार्ग, दरियागंज
_bनई दिल्ली
_e110002
300 _a114पृ.
_c21सेमी (सजिल्द )
650 _a साहित्य--उपन्यास
_x
_z
_945844
650 _aहिंदी उपन्यास
_v
_9105103
650 _aLiterature--Novel
_9105104
650 _aHindi Novel
_9105105
700 _aमिश्र, राजेन्द्र
_9105106
942 _2ddc
_cHN
_h
_mठाकुर
999 _c117767
_d117767